| 000 | 00000nas 2200000za 4500 |
| 001 | 9.502289 |
| 003 | CaOODSP |
| 005 | 20221107133056 |
| 007 | cr ||||||||||| |
| 008 | 150406c20102013onc x p o||||f| |0fre|d |
| 040 | |aCaOODSP|bfre |
| 043 | |an-cn--- |
| 086 | 1 |aFs151-10F-PDF |
| 245 | 00|aLivre des feux, des bouées et des signaux de brume, côte du Pacifique y compris les eaux côtières, rivières et lacs de la Colombie-Britannique |h[ressource électronique] / |cServices maritime. |
| 260 | |aOttawa : |bPêches et Océans Canada |
| 310 | |aIrrégulier |
| 362 | 0 |a2010-2013. |
| 500 | |aPubl. aussi en anglais sous le titre : Lights, buoys and fog signals, Pacific coast, including the coastal waters, rivers and lakes of British Columbia. |
| 520 | 3 |aIndique le nom, la position, les caractéristiques du feu, la hauteur focale en mètres au-dessus de l’eau, la portée nominale, la description et la hauteur en mètres au-dessus du sol pour les feux, les bouées et les signaux de brume de la côte du Pacifique, y compris les rivières et les lacs de la Colombie-Britannique. |
| 710 | 2 |aGarde côtière canadienne. |
| 775 | 08|tLights, buoys and fog signals, Pacific coast, including the coastal waters, rivers and lakes of British Columbia |w(CaOODSP)9.505886 |
| 776 | 0#|tLivre des feux, des bouées et des signaux de brume, côte du Pacifique y compris les eaux côtières, rivières et lacs de la Colombie-Britannique / |w(CaOODSP)9.513974 |
| 785 | 00|tLivre des feux, des bouées et des signaux de brume. |w(CaOODSP)9.915950 |